ا مر و ز (Record no. 178032)

MARC details
000 -LEADER
fixed length control field 00625nam a22001937a 4500
005 - DATE AND TIME OF LATEST TRANSACTION
control field 20210312152816.0
010 ## - LCCN (DPL NO)
LC control number UR-11071
020 ## - INTERNATIONAL STANDARD BOOK NUMBER
Terms of availability 200.00
International Standard Book Number 10
035 ## - SYSTEM CONTROL NUMBER
System control number U-9626
037 ## - SOURCE OF ACQUISITION
Source of stock number/acquisition DBAD/PUB
082 ## - DEWEY DECIMAL CLASSIFICATION NUMBER
Classification number 844
100 ## - MAIN ENTRY--PERSONAL NAME
Personal name ا يڈ يٹر:ا بو ا لکلا م قا سمی
245 ## - TITLE STATEMENT
Title ا مر و ز
Statement of responsibility, etc ا يڈ يٹر:ا بو ا لکلا م قا سمی
246 ## - VARYING FORM OF TITLE
Remainder of title Imroz (Urdu)
Title proper/short title Edited by Abulkalam Qasmi
260 ## - PUBLICATION, DISTRIBUTION, ETC. (IMPRINT)
Place of publication, distribution, etc Aligarh
Date of publication, distribution, etc 2019 ء
Name of publisher, distributor, etc Maktaba Jamia Ltd.
270 ## - ADDRESS
Address Sarsabz Badar Bagh,Jail Road,
City Aligarh
Postal code 202002
Fax number -
300 ## - PHYSICAL DESCRIPTION
Extent 200 ص
Dimensions 22 Cm(Hb)
942 ## - ADDED ENTRY ELEMENTS (KOHA)
Source of classification or shelving scheme Dewey Decimal Classification
Item type Urdu Bks
Classification part 844
Call number suffix ق ا س
Holdings
Withdrawn status Lost status Not for loan Collection code Home library Current library Date acquired Source of acquisition Cost, normal purchase price Full call number Barcode Copy number Cost, replacement price Koha item type
      Non-fiction D.B.Act.Division D.B.Act.Division 12/03/2021 DBAD/PUB 200.00 844 ق ا س U-9626 1 200.00 Urdu Bks

© Delhi Public Library
Hit Counter
free hit counter